Európska menová únia a ako ďalej

Súčasná grécka kríza odhalila základné problémy, pred ktoré je postavená Európska menová únia. Tieto problémy bude potrebné vyriešiť, ak sa má zabezpečiť jej priaznivý vývoj do budúcnosti. Základná systémová chyba Európskej menovej únie sa najvypuklejšie prejavila v prípade Grécka, ktoré sa nezodpov...

Full description

Saved in:
Bibliographic Details
Main Author: Sobek, Otto
Format: Book Chapter
Language:Slovak
Subjects:
Tags: Add Tag
No Tags, Be the first to tag this record!

MARC

LEADER 00000nla$a2200000$$$4500
001 0116798
005 20240502072312.7
041 0 |a slo 
044 |a SK 
245 1 0 |a Európska menová únia a ako ďalej  |c Otto Sobek 
520 |a Súčasná grécka kríza odhalila základné problémy, pred ktoré je postavená Európska menová únia. Tieto problémy bude potrebné vyriešiť, ak sa má zabezpečiť jej priaznivý vývoj do budúcnosti. Základná systémová chyba Európskej menovej únie sa najvypuklejšie prejavila v prípade Grécka, ktoré sa nezodpovednou fiškálnou politikou dostalo na okraj štátneho bankrotu a ktoré musí byť zachraňované nevídanou záchrannou akciou EMÚ a MMF. 
610 2 0 |a únie menové 
610 2 0 |a euro 
610 2 0 |a eurozóna 
610 2 0 |a banky centrálne 
610 2 0 |a zadlženosť 
610 2 0 |a Európska únia 
100 1 |a Sobek, Otto